[Event "ICS rated blitz match"]
[Site "204.178.125.65"]
[Date "2000.09.22"]
[Round "?"]
[White "Amateur"]
[Black "Hossa"]
[Result "1-0"]
[WhiteElo "2560"]
[BlackElo "2601"]
[Annotator "Fritz 6 (30s)"]
[PlyCount "131"]
[EventDate "2000.??.??"]

1. e4 {C47: Schottisches Vierspringerspiel} 1... e5 2. Nf3 Nc6 3. d4 exd4 4.
Nxd4 Nf6 5. Nc3 Bb4 6. Nxc6 bxc6 7. Bd3 d5 8. exd5 Qe7+ 9. Qe2 Qxe2+ 10. Bxe2
Ne4 11. a3 Nxc3 12. axb4 Nxe2 13. Kxe2 cxd5 14. Be3 a6 15. Kd3 Bf5+ 16. Kc3 O-O
17. Ra5 c6 18. Rha1 Bc8 19. Kb3 Re8 20. Bc5 Bb7 21. Rb1 Re6 22. Rd1 Rg6 (22...
Rae8 $5 $11) 23. Re1 h5 (23... Rxg2 $2 {geht nicht} 24. Re7 Rxh2 25. Rxb7 $18)
24. Re7 Bc8 25. g3 Re6 26. Rc7 Rg6 27. Ba7 Rd6 28. f4 Rg6 29. c3 h4 30. gxh4
Rf6 31. Bd4 Rxf4 32. Rxc6 Rxh4 33. b5 Rxh2 (33... Rh6 $142 $5 $16) 34. bxa6
Rb8+ 35. Ka3 Rh1 {Es droht Ra1} 36. Ka2 Be6 $2 (36... Rh2 $142 37. Rb6 Rxb6 38.
Bxb6 Kh7 $18) 37. a7 Ra8 38. Rb6 Rh8 39. c4 Kh7 40. cxd5 Bg4 41. b4 f6 42. b5
Rhd8 43. d6 Kg6 44. Raa6 Bf3 45. Ra3 Bd5+ 46. Kb2 Kf5 47. Bc5 Rh8 $2 (47... g5
$18) 48. d7 Rad8 (48... Rhd8 49. Rd6 Ke5 50. Re3+ Be4 51. b6 $18) 49. Rd6 Be6 (
49... Ke5 {waere noch eine kleine Chance} 50. Re3+ Be4 $18) 50. b6 Rxd7 (50...
Rh2+ {hilft auch nicht mehr} 51. Kc3 Rh3+ 52. Kb4 Rh4+ 53. Ka5 $18) 51. Rxd7
Bxd7 52. b7 Rh2+ 53. Kc3 Rh3+ 54. Kb4 Rh4+ 55. Ka5 Bc6 56. b8=Q Bd5 57. Qc8+
Ke5 {Mit Re4 waere Schwarz nun aus dem Groebsten heraus} 58. Qc7+ Kf5 59. Qd7+
Be6 (59... Ke5 {aendert nichts am Ausgang der Partie} 60. Bd6+ Kd4 61. Qb5 Bb3
62. Rxb3 Rh5 63. Rd3+ Ke4 64. a8=Q+ Rd5 65. Qaxd5#) 60. Rf3+ Kg6 (60... Rf4 {
waere gleichermassen fruchtlos} 61. Rxf4+ Kxf4 62. Qxe6 f5 63. Bd6+ Kf3 64.
a8=Q+ Kf2 65. Qh1 g5 66. Qee1#) 61. Rg3+ Rg4 62. Rxg4+ Kh5 (62... Bxg4 {
holt die Kuh nicht vom Eis} 63. Qxg4+ Kh6 64. a8=Q g5 65. Qg8 f5 66. Q4xg5#)
63. Qxg7 Bf5 64. a8=Q Be4 65. Qxe4 f5 66. Qg6# 1-0

[Event "ICS rated blitz match"]
[Site "204.178.125.65"]
[Date "2000.09.22"]
[Round "?"]
[White "Hossa"]
[Black "Amateur"]
[Result "0-1"]
[WhiteElo "2583"]
[BlackElo "2578"]
[PlyCount "144"]
[EventDate "2000.??.??"]

1. e4 c5 2. Nf3 e6 3. d4 cxd4 4. Nxd4 a6 5. Nc3 Bb4 6. Bd2 Ne7 7. a3 Bd6 8. Nf3
O-O 9. Bc4 b5 10. Bd3 Nbc6 11. O-O Ng6 12. Bg5 Be7 13. Bxe7 Qxe7 14. e5 Bb7 15.
Bxg6 fxg6 16. Qe2 Na5 17. Ne1 Qg5 18. Rd1 Rad8 19. f3 Nc4 20. Nd3 Ne3 21. Qd2
Rxf3 22. Rxf3 Bxf3 23. g3 Qh5 24. Nf4 Qg4 25. Re1 Nc4 26. Qf2 Bc6 27. b3 g5 28.
bxc4 gxf4 29. cxb5 fxg3 30. Qxg3 Qd4+ 31. Qe3 Qxe3+ 32. Rxe3 axb5 33. Re1 Ra8
34. Rb1 Rxa3 35. Nxb5 Re3 36. Nd6 g5 37. c4 Rxe5 38. Kf2 Ra5 39. Rb8+ Kg7 40.
Rb2 Kf6 41. Rd2 e5 42. Ke2 Ke6 43. Ne8 e4 44. Ke3 Ke5 45. Nc7 Ra3+ 46. Ke2 Rc3
47. Nb5 Rxc4 48. Nd6 Rc1 49. Nf7+ Kf4 50. Rd6 Rc2+ 51. Rd2 Bb5+ 52. Kd1 Rxd2+
53. Kxd2 e3+ 54. Kc1 Ba4 55. Nd6 Kf3 56. h3 Bb3 57. Nf5 e2 58. Nd4+ Kf2 59.
Nxb3 e1=Q+ 60. Kc2 Qe2+ 61. Kc3 Qf3+ 62. Kc4 d5+ 63. Kb4 Qxh3 64. Nd4 g4 65.
Nb5 g3 66. Kc5 g2 67. Kd6 g1=Q 68. Kc7 Qe6 69. Nd6 Qc1+ 70. Kd8 Qxd6+ 71. Ke8
Qc8+ 72. Kf7 Qdf8# {Hossa checkmated} 0-1

[Event "ICS rated blitz match"]
[Site "204.178.125.65"]
[Date "2000.09.22"]
[Round "?"]
[White "PostModernist"]
[Black "Hossa"]
[Result "0-1"]
[WhiteElo "2719"]
[BlackElo "2567"]
[PlyCount "158"]
[EventDate "2000.??.??"]

1. d4 d5 2. Nf3 Nf6 3. e3 e6 4. Bd3 c5 5. b3 Nc6 6. O-O Bd7 7. Ba3 b6 8. Nc3 a6
9. Bb2 cxd4 10. Nxd4 Nxd4 11. exd4 Bd6 12. Qe2 Qc8 13. a3 O-O 14. Rfe1 Qc7 15.
g3 b5 16. b4 Rac8 17. Qf1 Qb6 18. Qh3 a5 19. bxa5 Qxa5 20. Ne2 Rc7 21. Qg2 Rfc8
22. Qf1 Rxc2 23. Bxc2 Rxc2 24. Bc1 Ne4 25. Bf4 Bxf4 26. gxf4 Nd2 27. Qh3 Rb2
28. Red1 Rb3 29. Qg4 Rd3 30. f5 Qa4 31. Qf4 e5 32. Rxd2 exf4 33. Rxd3 Bxf5 34.
Rc1 g5 35. Rdc3 Bg4 36. f3 Bf5 37. Re1 g4 38. Kf2 Kf8 39. Kg2 h5 40. Kf2 gxf3
41. Rxf3 Bg4 42. Rxf4 Qxa3 43. Ng3 Qa5 44. Rf1 Bh3 45. Rd1 Qa2+ 46. Ke3 Qxh2
47. Ne2 Bg4 48. Re1 Qh4 49. Kd2 Qe7 50. Nc3 Qg5 51. Ref1 Bh3 52. R1f2 b4 53.
Na2 b3 54. Nb4 Be6 55. Kc3 Qg3+ 56. R2f3 Qe1+ 57. Kxb3 Ke7 58. Nc6+ Kd6 59. Rc3
Qd1+ 60. Ka3 Qd2 61. Rff3 f5 62. Rc5 Qd1 63. Rfc3 Qa1+ 64. Kb4 Bd7 65. Ra3 Qb2+
66. Rb3 Qd2+ 67. Rbc3 Bxc6 68. Rxc6+ Ke7 69. Ka5 h4 70. Kb6 Qxd4+ 71. Kb7 Qb4+
72. Kc8 f4 73. R3c5 Qa4 74. Rc7+ Kd6 75. Kd8 f3 76. Rc2 f2 77. Rxf2 Qa8+ 78.
Rc8 Qa5+ 79. Ke8 Qe1+ {PostModernist resigns} 0-1

[Event "ICS rated blitz match"]
[Site "204.178.125.65"]
[Date "2000.09.22"]
[Round "?"]
[White "Hossa"]
[Black "PostModernist"]
[Result "1-0"]
[WhiteElo "2590"]
[BlackElo "2696"]
[PlyCount "87"]
[EventDate "2000.??.??"]

1. e4 c5 2. c3 e5 3. Nf3 Nc6 4. Bb5 Nf6 5. Qe2 Qc7 6. d3 Be7 7. O-O O-O 8. Ba4
b6 9. Bg5 Bb7 10. Na3 h6 11. Nb5 Qb8 12. Bh4 g5 13. Bg3 Nh5 14. Na3 Nxg3 15.
fxg3 a6 16. Bb3 Qd6 17. Bd5 b5 18. Qf2 Qf6 19. g4 Qf4 20. Nc2 a5 21. Ne3 Rfd8
22. Nf5 Bf8 23. h3 Ne7 24. g3 Nxd5 25. gxf4 Nxf4 26. Qe3 Nxh3+ 27. Kh1 Nf4 28.
Nxe5 d6 29. Nf3 d5 30. e5 Bc8 31. d4 c4 32. N3h4 Nd3 33. Qf3 Ra7 34. Ng2 Bxf5
35. Qxf5 Nxb2 36. Ne3 Nd3 37. Qf6 Rdd7 38. e6 Bg7 39. Qf5 fxe6 40. Qxe6+ Kh8
41. Nxd5 Rd8 42. Ne7 Nf4 43. Qb6 Raa8 44. Qxb5 {PostModernist resigns} 1-0

[Event "ICS rated blitz match"]
[Site "204.178.125.65"]
[Date "2000.09.22"]
[Round "?"]
[White "PostModernist"]
[Black "Hossa"]
[Result "1-0"]
[WhiteElo "2675"]
[BlackElo "2611"]
[PlyCount "135"]
[EventDate "2000.??.??"]

1. d4 Nf6 2. c4 e5 3. dxe5 Ng4 4. Nf3 Nc6 5. Bf4 Bc5 6. e3 f6 7. exf6 Qxf6 8.
Qd2 d6 9. Nc3 O-O 10. Nd5 Qd8 11. Bg5 Qd7 12. b4 Bb6 13. a4 h6 14. h3 Nge5 15.
Nxe5 Nxe5 16. a5 Bxa5 17. Bf4 c6 18. Rxa5 cxd5 19. Qxd5+ Nf7 20. Bd3 Qe6 21.
Qe4 Qxe4 22. Bxe4 g5 23. Bg3 Kg7 24. Rb5 Kf6 25. h4 g4 26. f3 gxf3 27. gxf3 Re8
28. Bf4 Rg8 29. Kd2 a6 30. Rb6 a5 31. Ra1 Rg2+ 32. Kd3 Ra6 33. Rxa6 bxa6 34.
Rxa5 Rg1 35. b5 axb5 36. cxb5 Ne5+ 37. Bxe5+ dxe5 38. b6 Rg7 39. Ra7 Rg8 40. b7
Rd8+ 41. Ke2 Bxb7 42. Rxb7 h5 43. Rh7 Rb8 44. Rxh5 Rb2+ 45. Kf1 Rd2 46. Rf5+
Ke6 47. f4 exf4 48. Rxf4 Rb2 49. h5 Rh2 50. Bg6 Ke5 51. Rf5+ Kd6 52. Bf7 Kd7
53. e4 Ke7 54. e5 Kd7 55. Rf6 Rh1+ 56. Kg2 Rh4 57. h6 Rg4+ 58. Kh3 Rg1 59. Kh2
Re1 60. h7 Re2+ 61. Kg3 Rxe5 62. h8=Q Rg5+ 63. Kf4 Rc5 64. Qe8+ Kc7 65. Qe7+
Kc8 66. Be6+ Kb8 67. Rf8+ Rc8 68. Rxc8# {Hossa checkmated} 1-0

[Event "ICS rated blitz match"]
[Site "204.178.125.65"]
[Date "2000.09.22"]
[Round "?"]
[White "Hossa"]
[Black "PostModernist"]
[Result "1-0"]
[WhiteElo "2598"]
[BlackElo "2688"]
[PlyCount "81"]
[EventDate "2000.??.??"]

1. e4 g6 2. d4 Bg7 3. h4 c5 4. dxc5 Qa5+ 5. c3 Qxc5 6. h5 Qc6 7. Nd2 Bh6 8. e5
d6 9. Ndf3 dxe5 10. Nxe5 Qe4+ 11. Qe2 Qxe2+ 12. Bxe2 Nd7 13. Bxh6 Nxh6 14. Nd3
b6 15. Bf3 Rb8 16. O-O-O Bb7 17. Nb4 a5 18. Nc6 Bxc6 19. Bxc6 Rd8 20. hxg6 hxg6
21. Nf3 f6 22. Rxd7 Rxd7 23. Rd1 Kf7 24. Bxd7 Nf5 25. Bxf5 gxf5 26. Kc2 f4 27.
Rd4 Rg8 28. Ne1 Rg4 29. Kd2 Rh4 30. Ke2 Rh1 31. Rxf4 Kg6 32. Rd4 Rh5 33. Nd3
Rh2 34. g3 Rh1 35. Rd7 e5 36. Rd6 Kf7 37. Rxb6 Ra1 38. a3 Kg7 39. Ke3 Rh1 40.
Rb5 a4 41. Ra5 {PostModernist resigns} 1-0

[Event "ICS rated blitz match"]
[Site "204.178.125.65"]
[Date "2000.09.22"]
[Round "?"]
[White "PostModernist"]
[Black "Hossa"]
[Result "0-1"]
[WhiteElo "2668"]
[BlackElo "2618"]
[PlyCount "58"]
[EventDate "2000.??.??"]

1. e4 e5 2. Bc4 Nf6 3. d3 Bc5 4. Nc3 Nc6 5. Nf3 O-O 6. Bg5 h6 7. h4 hxg5 8.
hxg5 Ng4 9. Rf1 Na5 10. Qd2 Nxc4 11. dxc4 d6 12. O-O-O Be6 13. b3 a5 14. Kb1 a4
15. Nxa4 Rxa4 16. bxa4 Bxc4 17. Rg1 Nxf2 18. Nxe5 Nxe4 19. Qe1 Be2 20. Rh1 Qxg5
21. Nd7 Re8 22. Nxc5 dxc5 23. Rd7 Re6 24. Qa5 Rb6+ 25. Ka1 Qf6+ 26. c3 Ra6 27.
Rxc7 Qd8 28. Qxc5 Nxc5 29. Rxc5 Rxa4 {PostModernist resigns} 0-1

[Event "ICS rated blitz match"]
[Site "204.178.125.65"]
[Date "2000.09.22"]
[Round "?"]
[White "Hossa"]
[Black "PostModernist"]
[Result "1-0"]
[WhiteElo "2636"]
[BlackElo "2650"]
[PlyCount "109"]
[EventDate "2000.??.??"]

1. e4 c5 2. Nf3 g6 3. d4 Bg7 4. dxc5 Nf6 5. e5 Ng4 6. Qd4 h5 7. Bb5 Nc6 8. Bxc6
dxc6 9. Qxd8+ Kxd8 10. Bf4 f6 11. exf6 exf6 12. O-O Bd7 13. Nbd2 g5 14. Bd6 Nh6
15. Rfe1 Nf5 16. Ne4 g4 17. Nfd2 Nd4 18. Rac1 Re8 19. c3 Nf5 20. Rcd1 b5 21.
Bf4 a5 22. a4 bxa4 23. Nc4 Ra7 24. Nb6 a3 25. bxa3 Rb7 26. Nc4 Ra7 27. Rb1 Re6
28. Rb8+ Ke7 29. Ncd6 Nxd6 30. cxd6+ Kf7 31. Kf1 a4 32. Be3 Rxe4 33. Bxa7 Rxe1+
34. Kxe1 Ke6 35. Rb4 f5 36. Kd2 Be5 37. Rxa4 Bxd6 38. Be3 Bxh2 39. g3 Be8 40.
Bg5 Kf7 41. Rf4 Kg6 42. Bh4 Bf7 43. a4 Be6 44. a5 Bc8 45. Rc4 Bb7 46. Rb4 Ba6
47. Rb6 Bf1 48. Ke1 Bd3 49. a6 Bxa6 50. Rxc6+ Kg7 51. Rxa6 f4 52. Kf1 f3 53.
Ra5 Kf7 54. Rxh5 Ke6 55. Rg5 {PostModernist resigns} 1-0

[Event "ICS rated blitz match"]
[Site "204.178.125.65"]
[Date "2000.09.22"]
[Round "?"]
[White "Esla"]
[Black "Hossa"]
[Result "0-1"]
[WhiteElo "2378"]
[BlackElo "2653"]
[PlyCount "106"]
[EventDate "2000.??.??"]

1. d4 d5 2. c4 Nc6 3. Nf3 dxc4 4. e3 e5 5. d5 Bb4+ 6. Nc3 Bxc3+ 7. bxc3 e4 8.
dxc6 Qxd1+ 9. Kxd1 exf3 10. gxf3 b5 11. a4 Ba6 12. axb5 Bxb5 13. Rg1 g6 14. Kc2
Ne7 15. Rg4 f5 16. Rd4 Nxc6 17. Rd5 Rb8 18. Rc5 a5 19. Bxc4 Bxc4 20. Rxc4 Kd7
21. Ba3 Rb6 22. Bc5 Rb5 23. Rd1+ Ke6 24. Bd4 Nxd4+ 25. Rdxd4 c5 26. Rd1 Rhb8
27. Rd2 Rb2+ 28. Kd1 Rxd2+ 29. Kxd2 Kd5 30. Kd3 Rc8 31. Ra4 c4+ 32. Ke2 Rc5 33.
f4 Kc6 34. Kd2 Kb5 35. Ra2 Rc8 36. Kc2 Rd8 37. Rb2+ Kc6 38. Ra2 Ra8 39. Kb2 h6
40. Ra4 Kc5 41. Kc2 Ra7 42. h4 Kd5 43. Kd2 Ra8 44. f3 Kc5 45. Kc2 Kb5 46. Ra1
a4 47. Rb1+ Kc5 48. Ra1 a3 49. Ra2 Kb5 50. Kb1 Ka4 51. Kc2 Re8 52. Kd2 Kb3 53.
Ra1 Kb2 {Esla resigns} 0-1

[Event "ICS rated blitz match"]
[Site "204.178.125.65"]
[Date "2000.09.22"]
[Round "?"]
[White "Hossa"]
[Black "matemastr"]
[Result "1-0"]
[WhiteElo "2658"]
[BlackElo "2822"]
[PlyCount "183"]
[EventDate "2000.??.??"]

1. e4 c5 2. Nf3 d6 3. d4 cxd4 4. Nxd4 Nf6 5. Nc3 a6 6. Bg5 e6 7. f4 Be7 8. Qf3
Qc7 9. O-O-O Nbd7 10. g4 b5 11. Bxf6 Nxf6 12. g5 Nd7 13. f5 Nc5 14. f6 gxf6 15.
gxf6 Bf8 16. Rg1 h5 17. a3 Bd7 18. Bh3 Rc8 19. Kb1 Qb6 20. Rg5 b4 21. axb4 Qxb4
22. Na2 Qb6 23. Re1 Rb8 24. b3 Bc8 25. Bf1 Bb7 26. Bg2 Nd7 27. Qc3 e5 28. Nf5
Nxf6 29. Qd2 Rc8 30. Rg3 Ng4 31. h3 Nh6 32. Ng7+ Bxg7 33. Rxg7 Rc4 34. Qd3 Rc7
35. Bf3 h4 36. Rd1 Ke7 37. Qd2 Qc5 38. Nb4 a5 39. Nd3 Qc3 40. Qxc3 Rxc3 41. Rf1
Ba6 42. Rd1 Rb8 43. Kb2 Rbc8 44. Rd2 Bxd3 45. cxd3 Kf6 46. Rg1 R3c5 47. Rf2 Rh8
48. Bh5+ Ke6 49. Rgf1 Rh7 50. Ka3 Rc3 51. Be2 Ke7 52. Ka4 Rh8 53. Rf6 Rc2 54.
Bh5 Rh2 55. Bxf7 Rxh3 56. Bc4 Rh2 57. Kxa5 h3 58. Re6+ Kd7 59. Rff6 Ra2+ 60.
Kb4 Rb8+ 61. Kc3 Ng4 62. Rxd6+ Kc7 63. Rc6+ Kd7 64. Rfd6+ Ke8 65. Rg6 h2 66.
Rc7 Rf2 67. Rh7 Nf6 68. Rh4 Ke7 69. Rgh6 Rf3 70. Kd2 Rf2+ 71. Ke1 h1=Q+ 72.
Rxh1 Ra2 73. R1h2 Rxh2 74. Rxh2 Kd6 75. Kd2 Rf8 76. Kc3 Ng4 77. Rh4 Rf4 78. b4
Nf6 79. Rxf4 exf4 80. Bb3 f3 81. Kd2 Ng4 82. d4 Kc7 83. e5 Kb6 84. e6 Nf6 85.
e7 Kb5 86. Bf7 f2 87. Ke2 f1=Q+ 88. Kxf1 Kxb4 89. Kf2 Kb5 90. e8=Q+ Nxe8 91.
Bxe8+ Kc4 92. Ke3 {matemastr resigns} 1-0

[Event "ICS rated blitz match"]
[Site "204.178.125.65"]
[Date "2000.09.22"]
[Round "?"]
[White "Hossa"]
[Black "Amateur"]
[Result "0-1"]
[WhiteElo "2681"]
[BlackElo "2608"]
[PlyCount "134"]
[EventDate "2000.??.??"]

1. e4 e5 2. Nf3 Nc6 3. d4 exd4 4. Nxd4 Qh4 5. Nxc6 Qxe4+ 6. Be2 dxc6 7. O-O Be6
8. Nc3 Qh4 9. Re1 Rd8 10. Bd3 Nf6 11. g3 Qh3 12. Qf3 Ng4 13. Qg2 Qxg2+ 14. Kxg2
Be7 15. h3 Nf6 16. Bg5 Nd5 17. Nxd5 Rxd5 18. Bf4 Rd7 19. Rad1 Bd6 20. Be3 O-O
21. f3 a6 22. Re2 Re8 23. Bf2 Rde7 24. Rde1 b5 25. Be3 c5 26. b3 c4 27. bxc4
Bxc4 28. Bxc4 bxc4 29. Kf2 Bb4 30. Bd2 Bxd2 31. Rxe7 Bxe1+ 32. Rxe1 Re6 33.
Rxe6 fxe6 34. Ke3 c5 35. Ke4 Kf7 36. Ke5 Ke7 37. f4 g6 38. h4 a5 39. h5 gxh5
40. Ke4 Kf6 41. a4 c3 42. Ke3 Kf5 43. Kf3 c4 44. Ke3 Kg4 45. Kf2 h4 46. gxh4
Kxh4 47. Kf3 Kh3 48. Kf2 Kg4 49. Ke3 h5 50. Kd4 h4 51. Kxc3 h3 52. Kxc4 h2 53.
Kb5 h1=Q 54. Kxa5 Qe1+ 55. Ka6 Qb4 56. a5 Kxf4 57. c4 Qxc4+ 58. Kb6 Qb4+ 59.
Kc6 Qxa5 60. Kd6 Qb6+ 61. Ke7 e5 62. Kd7 e4 63. Ke7 e3 64. Kf7 e2 65. Ke7 e1=Q+
66. Kf7 Qh6 67. Kg8 Qee6# {Hossa checkmated} 0-1

[Event "ICS rated blitz match"]
[Site "204.178.125.65"]
[Date "2000.09.22"]
[Round "?"]
[White "counterplay"]
[Black "Hossa"]
[Result "1/2-1/2"]
[WhiteElo "2822"]
[BlackElo "2662"]
[PlyCount "145"]
[EventDate "2000.??.??"]

1. e4 e5 2. Nf3 Nc6 3. Nc3 Nf6 4. d4 exd4 5. Nxd4 Bb4 6. Nxc6 bxc6 7. Bd3 d5 8.
exd5 cxd5 9. O-O O-O 10. Bg5 c6 11. Ne2 Bg4 12. c3 Bd6 13. Qa4 Bxe2 14. Bxe2
Rb8 15. Qxc6 Rxb2 16. Bf3 Rb6 17. Qa4 Qc7 18. g3 Qxc3 19. Bxf6 Qxf3 20. Bd4 Rb4
21. Qxa7 Bb8 22. Qc5 Rc4 23. Qb6 Bc7 24. Qb2 f6 25. Rfe1 Qg4 26. Red1 Rd8 27.
Rd3 Qh3 28. Re1 Ba5 29. Red1 Qd7 30. Rb3 Qg4 31. f3 Qc8 32. Rb5 Bc7 33. Qb3 Qe6
34. Bb2 Qc6 35. Kf1 f5 36. Re1 Rc5 37. Rxc5 Qxc5 38. Rc1 Qa7 39. Bxg7 Bxg3 40.
hxg3 Kxg7 41. Rc6 Qb8 42. Qxb8 Rxb8 43. Rd6 Rb5 44. Ke2 Rb2+ 45. Ke3 Rxa2 46.
Kf4 Rd2 47. Kxf5 Rd3 48. Kg4 h5+ 49. Kf4 d4 50. Rd7+ Kf6 51. Rd6+ Kg7 52. Rc6
Re3 53. Rc1 Re6 54. Rh1 Kg6 55. Rh2 Rf6+ 56. Ke4 Kg5 57. Rh4 Rb6 58. f4+ Kg6
59. Rh1 d3 60. Kxd3 Rb3+ 61. Ke4 Rxg3 62. Rc1 h4 63. f5+ Kg5 64. Rc7 Rg4+ 65.
Ke5 h3 66. Rg7+ Kh4 67. f6 h2 68. Rh7+ Kg3 69. f7 Rf4 70. Ke6 Kg2 71. Rxh2+
Kxh2 72. Ke7 Rxf7+ 73. Kxf7 {
Game drawn because neither player has mating material} 1/2-1/2

[Event "ICS rated blitz match"]
[Site "204.178.125.65"]
[Date "2000.09.22"]
[Round "?"]
[White "Hossa"]
[Black "counterplay"]
[Result "0-1"]
[WhiteElo "2669"]
[BlackElo "2815"]
[PlyCount "134"]
[EventDate "2000.??.??"]

1. e4 c5 2. Nf3 d6 3. Bb5+ Bd7 4. Nc3 Nf6 5. Bc4 Nc6 6. O-O Nd4 7. e5 dxe5 8.
Nxe5 e6 9. Nxd7 Qxd7 10. a4 Be7 11. Re1 O-O 12. d3 a6 13. a5 Rfd8 14. Na4 Qd6
15. c3 Nc6 16. Be3 Nd7 17. Nb6 Nxb6 18. axb6 Nb8 19. Rb1 Bf6 20. Qh5 Nd7 21.
Red1 Qc6 22. Ba2 Rac8 23. Ra1 Nxb6 24. Rd2 Nd5 25. Rf1 Rd7 26. Bb3 b5 27. Bd1
Rcd8 28. Bf3 Qc7 29. Be4 g6 30. Qh3 b4 31. cxb4 cxb4 32. Bh6 Bd4 33. Ra1 a5 34.
Qh4 Qc5 35. Re2 Rc8 36. Qg5 f5 37. Bf3 e5 38. Qd2 Qb5 39. Ree1 Rdc7 40. Bd1 Kh8
41. Bb3 f4 42. Bc4 Qc5 43. Qe2 Rc6 44. Bb3 Nb6 45. Reb1 a4 46. Rxa4 Qc1+ 47.
Rxc1 Rxc1+ 48. Qf1 Rxf1+ 49. Kxf1 Nxa4 50. Bxa4 Ra8 51. Bd1 Ra2 52. Bf8 Rxb2
53. f3 b3 54. Be7 Rf2+ 55. Ke1 b2 56. Bf6+ Kg8 57. Bb3+ Kf8 58. Ba2 Rxg2 59.
Bd8 Rg1+ 60. Kd2 Ra1 61. Kc2 Rxa2 62. Bb6 Ra1 63. Bxd4 b1=Q+ 64. Kc3 Qc1+ 65.
Kb4 Rb1+ 66. Ka4 Qc2+ 67. Ka5 Qa2# {Hossa checkmated} 0-1

[Event "ICS rated blitz match"]
[Site "204.178.125.65"]
[Date "2000.09.22"]
[Round "?"]
[White "Hossa"]
[Black "Valg"]
[Result "0-1"]
[WhiteElo "2659"]
[BlackElo "2522"]
[PlyCount "138"]
[EventDate "2000.??.??"]

1. e4 c5 2. Nf3 d6 3. d4 cxd4 4. Nxd4 Nf6 5. Nc3 a6 6. Bg5 e6 7. f4 Qb6 8. Qd2
Qxb2 9. Rb1 Qa3 10. f5 Nc6 11. fxe6 fxe6 12. Nxc6 bxc6 13. e5 dxe5 14. Bxf6
gxf6 15. Ne4 Be7 16. Be2 h5 17. Rb3 Qa4 18. Nxf6+ Bxf6 19. c4 Bh4+ 20. g3 Be7
21. O-O h4 22. Qd1 Bc5+ 23. Kh1 Bd4 24. Qc2 Kd8 25. Qg6 Bd7 26. Qg7 Re8 27. Rf7
c5 28. Bf3 e4 29. Qg5+ Kc8 30. Bxe4 Qxa2 31. Rb7 Qa1+ 32. Kg2 Qg1+ 33. Kh3 hxg3
34. Rbxd7 Rh8+ 35. Rh7 Rxh7+ 36. Rxh7 Qxh2+ 37. Kg4 Qxh7 38. Bxh7 g2 39. Qg8+
Kc7 40. Qxa8 g1=Q+ 41. Kh3 Qf1+ 42. Kg4 Qg1+ 43. Kh3 Qf1+ 44. Kg4 Qxc4 45. Qa7+
Kc6 46. Be4+ Kb5 47. Qb8+ Ka5 48. Qc7+ Kb4 49. Qb6+ Kc3 50. Qa5+ Kb3 51. Qd2
Be5 52. Qd1+ Kb4 53. Qd3 Qxd3 54. Bxd3 c4 55. Bc2 Kc3 56. Bg6 Kb2 57. Kf3 c3
58. Bd3 c2 59. Bg6 c1=Q 60. Be8 Qf4+ 61. Ke2 Qe4+ 62. Kf2 Bd4+ 63. Kg3 Kc3 64.
Bd7 Be5+ 65. Kf2 Kd3 66. Bc8 Qe2+ 67. Kg1 Bd4+ 68. Kh1 Qf1+ 69. Kh2 Be5# {
Hossa checkmated} 0-1

[Event "ICS Rated blitz match"]
[Site "204.178.125.65"]
[Date "2000.09.22"]
[Round "?"]
[White "counterplay"]
[Black "Hossa"]
[Result "1-0"]
[WhiteElo "2825"]
[BlackElo "2637"]
[PlyCount "131"]
[EventDate "2000.??.??"]

1. e4 e5 2. Nc3 Nf6 3. Bc4 Nxe4 4. Qh5 Nd6 5. Bb3 Nc6 6. Nb5 g6 7. Qf3 Nf5 8.
Qd5 Nh6 9. d4 d6 10. Bxh6 Be6 11. Qf3 Bxh6 12. d5 Bxd5 13. Bxd5 Qd7 14. Rd1 f5
15. Ne2 Nd8 16. Nbc3 c6 17. Bb3 d5 18. O-O Qg7 19. Na4 O-O 20. c4 d4 21. c5+
Nf7 22. Qg3 f4 23. Qd3 Qf6 24. Rfe1 Kh8 25. f3 Bg5 26. Nc1 Bh4 27. Re2 Qe7 28.
Bxf7 Rxf7 29. Qc4 Qc7 30. Rxe5 Qxe5 31. Qxf7 Rb8 32. Kh1 Re8 33. Nd3 Qe2 34.
Rg1 Bg5 35. Nxf4 Qe5 36. Nh3 Be3 37. Re1 Qe7 38. Qxe7 Rxe7 39. Nf2 Kg7 40. Nd3
Kf6 41. g3 h5 42. b3 h4 43. Nab2 hxg3 44. hxg3 b5 45. Kg2 a5 46. Nd1 a4 47.
Nxe3 dxe3 48. f4 Rd7 49. Rxe3 Rd5 50. Ne5 Rd2+ 51. Kf3 Rxa2 52. bxa4 Rxa4 53.
Rd3 g5 54. Rd6+ Ke7 55. fxg5 Ra1 56. Nxc6+ Kf8 57. Nd4 b4 58. g6 Rc1 59. Nf5
Ke8 60. g7 Kf7 61. Rd8 Rf1+ 62. Kg4 Rxf5 63. g8=Q+ Kf6 64. Rd7 Rxc5 65. Qf8+
Kg6 66. Qg7# {Hossa checkmated} 1-0

[Event "ICS rated blitz match"]
[Site "204.178.125.65"]
[Date "2000.09.22"]
[Round "?"]
[White "Hossa"]
[Black "counterplay"]
[Result "0-1"]
[WhiteElo "2618"]
[BlackElo "2833"]
[PlyCount "116"]
[EventDate "2000.??.??"]

1. e4 c5 2. Nf3 e6 3. d4 cxd4 4. Nxd4 Qb6 5. Nb3 Qc7 6. Nc3 a6 7. Bd3 b5 8. Be3
Bb7 9. O-O Nf6 10. a3 Be7 11. f4 d6 12. f5 e5 13. Qf3 O-O 14. g4 h6 15. g5 hxg5
16. Bxg5 Nbd7 17. Qg2 Rac8 18. Rad1 Rfd8 19. Kh1 d5 20. Bh6 Bf8 21. exd5 Nb6
22. Be4 Nbxd5 23. Nxd5 Nxd5 24. f6 Nf4 25. Bxf4 Rxd1 26. Rxd1 Bxe4 27. Qxe4
exf4 28. fxg7 Bxg7 29. c3 Qe5 30. Qxe5 Bxe5 31. Rd5 f6 32. Nc5 Rc6 33. Nd7 Bc7
34. h4 f3 35. h5 Re6 36. Rd1 Kf7 37. Nc5 Re5 38. Rd7+ Ke8 39. Kg1 Bb6 40. h6
Bxc5+ 41. Rd4 Kf7 42. Kf2 Bxd4+ 43. cxd4 Re2+ 44. Kxf3 Rxb2 45. Ke4 Ra2 46. Kd5
Rxa3 47. Kc5 Rc3+ 48. Kb4 Rc4+ 49. Ka5 Ra4+ 50. Kb6 b4 51. d5 b3 52. h7 Rh4 53.
Kxa6 b2 54. h8=Q Rxh8 55. Kb5 Rc8 56. Ka6 b1=Q 57. Ka7 Rc2 58. d6 Ra2# {
Hossa checkmated} 0-1

[Event "ICS rated standard match"]
[Site "204.178.125.65"]
[Date "2000.09.22"]
[Round "?"]
[White "ET2000"]
[Black "Hossa"]
[Result "1-0"]
[WhiteElo "2686"]
[BlackElo "2358"]
[PlyCount "37"]
[EventDate "2000.??.??"]

1. d4 d5 2. Nf3 Nc6 3. c4 Bf5 4. cxd5 Qxd5 5. Nc3 Qa5 6. Bd2 e6 7. e4 Bg6 8. a3
Qh5 9. g4 Qxg4 10. Rg1 Qxg1 11. Nxg1 O-O-O 12. d5 exd5 13. exd5 Ne5 14. Be3 a6
15. Qd4 Nc6 16. Qa4 Nce7 17. Bxa6 bxa6 18. Qxa6+ Kd7 19. Qa4+ {Hossa resigns}
1-0

[Event "ICS rated standard match"]
[Site "204.178.125.65"]
[Date "2000.09.22"]
[Round "?"]
[White "Hossa"]
[Black "RebelTiger"]
[Result "0-1"]
[WhiteElo "2354"]
[BlackElo "2573"]
[PlyCount "28"]
[EventDate "2000.??.??"]

1. e4 g6 2. d4 Bg7 3. h4 d5 4. e5 c5 5. c3 Nc6 6. h5 Nh6 7. Be2 cxd4 8. cxd4
Qb6 9. hxg6 hxg6 10. Nc3 Nf5 11. Rxh8+ Bxh8 12. Nxd5 Qa5+ 13. Nc3 Nfxd4 14. Nf3
Nxe2 {Hossa resigns} 0-1

[Event "ICS rated blitz match"]
[Site "204.178.125.65"]
[Date "2000.09.22"]
[Round "?"]
[White "RebelTiger"]
[Black "Hossa"]
[Result "1-0"]
[WhiteElo "2789"]
[BlackElo "2611"]
[Annotator "Fritz 6 (30s)"]
[PlyCount "161"]
[EventDate "2000.??.??"]

1. e4 {C24: Laeuferspiel} 1... e5 2. Bc4 Nf6 3. d3 c6 4. Nf3 d5 5. Bb3 Bd6 6.
Nc3 dxe4 7. Nxe4 Nxe4 8. dxe4 O-O 9. Bg5 Qc7 10. Qd2 Be7 11. Qc3 Bxg5 12. Nxg5
Qe7 13. Nf3 Nd7 14. O-O Re8 15. Rad1 Nc5 16. Nxe5 Nxb3 17. cxb3 Be6 18. Nd3 Qh4
19. f3 Red8 20. Nc5 Qe7 21. Qe5 b6 22. Nxe6 fxe6 23. b4 Rd7 24. Rxd7 Qxd7 25.
a3 Rd8 26. g3 Rf8 27. f4 g6 28. Rc1 Kf7 29. Qc3 Rc8 30. Kf2 h6 31. Ke2 Rd8 32.
Ke3 Qd6 33. b3 h5 34. Ke2 Qd7 35. Ke1 Rc8 36. Rd1 Qb7 37. Rd6 c5 38. Qc4 Qe7
39. Qd3 Rc7 40. bxc5 bxc5 41. Kd1 Ke8 42. e5 Kf7 43. Qc4 Qe8 44. Kd2 Qc8 45.
Kc3 Rb7 46. Qa6 Qb8 47. Kc2 Re7 48. Qc6 h4 49. Qxc5 hxg3 50. hxg3 Qh8 51. Qf2
Qh1 52. Kb2 Qh8 53. Ra6 Qa8 54. Qh2 Kg7 55. Rd6 Qc8 (55... Qf3 56. Rd8 Qh5 57.
Qg2 $18) 56. Qh4 Qf8 57. b4 Qe8 58. Qf6+ Kg8 59. a4 Kh7 60. b5 Kg8 61. Ka3 Kh7
62. a5 Kg8 63. b6 axb6 64. Rxb6 Qf8 (64... Qa8 {die letzte Gegenchance} 65.
Qxg6+ Kh8 66. Qf6+ Rg7 $18) 65. Qxf8+ Kxf8 66. a6 Rc7 67. Rb7 Rc6 68. a7 Ra6+
69. Kb4 Ra1 70. Rb8+ Kf7 71. a8=Q Rxa8 72. Rxa8 g5 73. Kc5 Kg6 74. Kd6 gxf4 75.
gxf4 Kf5 76. Ra4 Kg6 77. Kxe6 Kg7 (77... Kh7 {aendert nichts mehr} 78. f5 Kg7
79. f6+ Kg6 80. f7 Kh5 81. Kf6 Kh6 82. Rh4#) 78. f5 Kh6 (78... Kh7 {
hilft auch nicht mehr} 79. Kf7 Kh6 80. Kf6 Kh7 81. Rh4+ Kg8 82. e6 Kf8 83. Rh8#
) 79. Kf6 Kh5 (79... Kh7 {waere gleichermassen fruchtlos} 80. Rh4+ Kg8 81. e6
Kf8 82. Rh8#) 80. e6 Kh6 81. Rh4# 1-0